000
00284nam a22001217a 4500
082
_a
823
_b
BLY/C
100
_a
BLYTON, ENID
245
_a
THE CHILDREN AT GREEN MEADOWS
260
_a
LONDON
_b
McMILLAN & CO
_c
1968
300
_a
160
650
_a
ENGLISH STORY
_z
UNITED KINGDOM
942
_c
BK
999
_c
7255
_d
7255